[Event "11e tournoi d'automne - tournoi A"]
[Site "Montigny le Bretonneux"]
[Date "2012.11.03"]
[Round "8.1"]
[White "Trommsdorf, Fro"]
[Black "Veron, Cyprien"]
[Result "0-1"]
[WhiteElo "2040"]
[BlackElo "2052"]
[PlyCount "62"]
[EventDate "2012.10.??"]
[EventType "tourn"]
[EventRounds "9"]
[EventCountry "FRA"]
[SourceDate "2005.09.12"]

{Défense est-indienne, variante Panno} 1. Nf3 Nf6 2. d4 d6 3. c4 g6 4. Nc3 Bg7
5. g3 O-O 6. Bg2 Nc6 7. O-O a6 8. e4 Rb8 9. Re1 b5 10. d5 Na5 11. cxb5 axb5 12.
a3 Bd7 13. e5 Ng4 14. e6 fxe6 15. dxe6 Bc6 16. h3 Ne5 17. Nxe5 Bxe5 18. Bh6 Bg7
19. Bxg7 Kxg7 20. Bxc6 Nxc6 21. Qd5 Ne5 22. b4 c6 23. Qd4 Rf6 24. Re3 Qb6 25.
Qxb6 Rxb6 26. Ne4 Rf3 27. Rae1 Ra6 28. Kg2 Rxa3 29. Rxf3 Nxf3 30. Rd1 d5 31.
Nc5 Kf6 0-1

[Event "11e tournoi d'automne - tournoi A"]
[Site "Montigny le Bretonneux"]
[Date "2012.11.03"]
[Round "8.2"]
[White "Fruchard, Cyrille"]
[Black "Forissier, Nicolas"]
[Result "1-0"]
[WhiteElo "1902"]
[BlackElo "1938"]
[PlyCount "73"]
[EventDate "2012.10.??"]
[EventType "tourn"]
[EventRounds "9"]
[EventCountry "FRA"]
[SourceDate "2005.09.12"]

{Défense Grünfeld, variante d'échange} 1. d4 Nf6 2. c4 g6 3. Nc3 d5 4. cxd5
Nxd5 5. e4 Nxc3 6. bxc3 Bg7 7. Be3 O-O 8. Nf3 c5 9. Be2 Nc6 10. O-O Qc7 11. Rc1
Rd8 12. d5 b6 13. Qc2 Na5 14. c4 Nb7 15. Bd2 e5 16. Ne1 Nd6 17. f4 f5 18. Bd3
fxe4 19. Bxe4 Nxe4 20. Qxe4 Bf5 21. Qf3 e4 22. Qg3 Bb2 23. Rd1 Qd7 24. Bc3 Qa4
25. Rd2 Bc1 26. Rc2 Qa3 27. Nd3 exd3 28. Rcxc1 Re8 29. Qg5 Rf8 30. Qe7 Rf7 31.
Qe5 Kf8 32. Qh8+ Ke7 33. Rfe1+ Kd7 34. Qxa8 Re7 35. Rxe7+ Kxe7 36. Re1+ Kd6 37.
Qc6# 1-0

[Event "11e tournoi d'automne - tournoi A"]
[Site "Montigny le Bretonneux"]
[Date "2012.11.03"]
[Round "8.3"]
[White "Girard, Eric"]
[Black "Smati, Reda"]
[Result "1/2-1/2"]
[WhiteElo "2122"]
[BlackElo "2011"]
[PlyCount "54"]
[EventDate "2012.10.??"]
[EventType "tourn"]
[EventRounds "9"]
[EventCountry "FRA"]
[SourceDate "2005.09.12"]

{Défense sicilienne, étau de Maroczy} 1. c4 c5 2. Nf3 Nc6 3. d4 cxd4 4. Nxd4 g6
5. e4 Nf6 6. Nc3 Nxd4 7. Qxd4 d6 8. Bg5 Bg7 9. Be2 O-O 10. Qd2 Be6 11. Rc1 Qa5
12. O-O Rfc8 13. b3 a6 14. f4 b5 15. f5 b4 16. Bxf6 Bxf6 17. fxe6 bxc3 18.
exf7+ Kg7 19. Qc2 Qg5 20. Rf3 Bd4+ 21. Kh1 Be5 22. Rcf1 Rf8 23. Qd3 a5 24. Bd1
Rab8 25. a4 e6 26. Qc2 Rb7 27. g3 Rbxf7 1/2-1/2

[Event "11e tournoi d'automne - tournoi A"]
[Site "Montigny le Bretonneux"]
[Date "2012.11.03"]
[Round "8.4"]
[White "Plantet, Marc"]
[Black "Van Dongen, Patrick"]
[Result "0-1"]
[WhiteElo "1869"]
[BlackElo "2320"]
[PlyCount "26"]
[EventDate "2012.10.??"]
[EventType "tourn"]
[EventRounds "9"]
[EventCountry "FRA"]
[SourceDate "2005.09.12"]

{Partie viennoise} 1. e4 Nf6 2. Nc3 e5 3. f4 d5 4. d3 Nc6 5. fxe5 Nxe5 6. exd5
Bb4 7. Bd2 O-O 8. Be2 Re8 9. Ne4 Nxe4 10. dxe4 Qh4+ 11. Kf1 Bc5 12. Be1 Qxe4
13. Nf3 Ng4 0-1

[Event "11e tournoi d'automne - tournoi A"]
[Site "Montigny le Bretonneux"]
[Date "2012.11.03"]
[Round "8.5"]
[White "Gouanelle, Franck"]
[Black "Ben Khelifa, Noomene"]
[Result "1-0"]
[WhiteElo "2100"]
[BlackElo "2093"]
[PlyCount "72"]
[EventDate "2012.10.??"]
[EventType "tourn"]
[EventRounds "9"]
[EventCountry "FRA"]
[SourceDate "2005.09.12"]

{gambit dame, variante Tarrasch, défense Schlechter} 1. Nf3 Nf6 2. c4 e6 3. d4
c5 4. Nc3 d5 5. cxd5 exd5 6. g3 Nc6 7. Bg2 Ne4 8. O-O Be7 9. Be3 Bf6 10. Rc1
Nxc3 11. bxc3 c4 12. Bf4 O-O 13. Nd2 g5 14. Be3 Re8 15. Re1 Bf5 16. Nf1 Qd7 17.
Qd2 h6 18. h4 Qd8 19. hxg5 hxg5 20. Nh2 Kg7 21. Nf3 Kg6 22. Ne5+ Kg7 23. g4 Be6
24. f4 gxf4 25. Bxf4 Nxe5 26. dxe5 Be7 27. Bh6+ Kg8 28. Qf4 Bc5+ 29. e3 Qh4 30.
Bf3 Bf8 31. Bg5 Qh7 32. Re2 Qg6 33. Rh2 Bg7 34. Bf6 Bxf6 35. exf6 Red8 36. Rh6
Qxh6 1-0

[Event "11e tournoi d'automne - tournoi B"]
[Site "Montigny le Bretonneux"]
[Date "2012.11.03"]
[Round "8.1"]
[White "Conq, Alain"]
[Black "Duval, Dominique"]
[Result "0-1"]
[WhiteElo "1853"]
[BlackElo "1770"]
[PlyCount "74"]
[EventDate "2012.10.??"]
[EventType "tourn"]
[EventRounds "9"]
[EventCountry "FRA"]
[SourceDate "2005.09.12"]

{Défense vieille Benoni} 1. d4 g6 2. c4 Bg7 3. e4 c5 4. d5 e5 5. Nc3 d6 6. g4
Nd7 7. Be2 a6 8. h4 Nf8 9. Be3 Bd7 10. Qd2 Qa5 11. h5 b5 12. h6 Bf6 13. g5 Be7
14. f4 f6 15. Nf3 b4 16. Nd1 Bg4 17. Nf2 Bxf3 18. Bxf3 Nd7 19. f5 fxg5 20. fxg6
hxg6 21. Bxg5 Ngf6 22. b3 O-O-O 23. Ng4 Rdf8 24. Ke2 Qd8 25. Bxf6 Bxf6 26. a3
Bg5 27. Qa2 Rxf3 28. axb4 Nb8 29. Kxf3 Qf8+ 30. Ke2 Qf4 31. Nf2 Rf8 32. Ke1
Qe3+ 33. Kf1 Qxe4 34. Kg1 Be3 35. h7 Qd4 36. Rf1 Qg4+ 37. Kh2 Bf4# 0-1

[Event "11e tournoi d'automne - tournoi B"]
[Site "Montigny le Bretonneux"]
[Date "2012.11.03"]
[Round "8.2"]
[White "Couradin, Bruno"]
[Black "Mabelly, Rudy"]
[Result "0-1"]
[WhiteElo "1752"]
[BlackElo "1789"]
[PlyCount "64"]
[EventDate "2012.10.??"]
[EventType "tourn"]
[EventRounds "9"]
[EventCountry "FRA"]
[SourceDate "2005.09.12"]

{Défense sicilienne, variante Taïmanov} 1. e4 c5 2. Nf3 Nc6 3. a3 Nf6 4. Nc3 e6
5. d4 cxd4 6. Nxd4 a6 7. Bc4 Qc7 8. Ba2 Nxd4 9. Qxd4 Bc5 10. Qd1 Bxa3 11. Bxe6
Bb4 12. Bd5 O-O 13. Bd2 Re8 14. O-O Bxc3 15. Bxc3 Nxe4 16. Re1 Qf4 17. Qd4 Qg5
18. Rxe4 d6 19. Bxf7+ Kxf7 20. Rxe8 Bh3 21. Qxg7+ Qxg7 22. Bxg7 Rxe8 23. gxh3
Kxg7 24. Rd1 Re6 25. Rd3 Kf6 26. Kg2 Ke7 27. Rb3 b5 28. Re3 a5 29. h4 a4 30.
Kg3 Rxe3+ 31. fxe3 b4 32. h5 Kf6 0-1

[Event "11e tournoi d'automne - tournoi B"]
[Site "Montigny le Bretonneux"]
[Date "2012.11.03"]
[Round "8.3"]
[White "Branson, James"]
[Black "Rousseau, Philippe"]
[Result "0-1"]
[WhiteElo "1705"]
[BlackElo "1843"]
[PlyCount "66"]
[EventDate "2012.10.??"]
[EventType "tourn"]
[EventRounds "9"]
[EventCountry "FRA"]
[SourceDate "2005.09.12"]

{Gambit dame} 1. d4 e6 2. c4 d5 3. Nc3 Nf6 4. Bg5 Be7 5. cxd5 Nxd5 6. Bxe7 Qxe7
7. e4 Nxc3 8. bxc3 O-O 9. Bd3 b6 10. Ne2 Bb7 11. O-O c5 12. Ng3 cxd4 13. cxd4
Nc6 14. e5 g6 15. Ne4 Rad8 16. Nf6+ Kg7 17. Qg4 Rxd4 18. Qg5 Rxd3 19. f4 Rh8
20. Rfd1 Rxd1+ 21. Rxd1 Bc8 22. h4 h6 23. Qg3 Qc5+ 24. Kh2 Rd8 25. Re1 Qe7 26.
h5 Nd4 27. hxg6 fxg6 28. Qg4 Nf5 29. Re2 Bb7 30. g3 Rd1 31. Ne4 Rd3 32. Re1
Bxe4 33. Rxe4 Rxg3 0-1

[Event "11e tournoi d'automne - tournoi B"]
[Site "Montigny le Bretonneux"]
[Date "2012.11.03"]
[Round "8.4"]
[White "Jean, Robert"]
[Black "Gazay, Didier"]
[Result "1/2-1/2"]
[WhiteElo "1725"]
[BlackElo "1837"]
[PlyCount "108"]
[EventDate "2012.10.??"]
[EventType "tourn"]
[EventRounds "9"]
[EventCountry "FRA"]
[SourceDate "2005.09.12"]

{Ouverture anglaise, variante Nimzovitch} 1. c4 e5 2. g3 Nf6 3. Bg2 c6 4. d4
exd4 5. Qxd4 Na6 6. Nc3 Be7 7. e4 O-O 8. Nge2 Bc5 9. Qd1 Ng4 10. O-O Qe7 11.
Nf4 d6 12. Nd3 Ne5 13. Nxc5 Nxc5 14. b3 Be6 15. Be3 Rad8 16. Qc2 f5 17. Bxc5
dxc5 18. Rad1 f4 19. f3 fxg3 20. hxg3 Rd4 21. Ne2 Rxd1 22. Qxd1 Rd8 23. Qc2 Qd6
24. Nf4 Bf7 25. Rf2 g5 26. Nh3 h6 27. Kh2 Ng6 28. f4 g4 29. Ng1 h5 30. Ne2 h4
31. e5 Qe7 32. Kg1 hxg3 33. Nxg3 Nh4 34. Nf5 Nxf5 35. Qxf5 Qh4 36. Qg5+ Qxg5
37. fxg5 g3 38. Rf3 Rd1+ 39. Bf1 Bh5 40. Rf6 Re1 41. e6 Kg7 42. Kg2 Re5 43. Rf4
Rxe6 44. Kxg3 Be2 45. Bxe2 Rxe2 46. a4 Rd2 47. Kg4 Rd4 48. Kg3 a5 49. Rf6 Rd3+
50. Rf3 Rd6 51. Rf5 Kg6 52. Kg4 Rd3 53. Rf6+ Kg7 54. Rf3 Rd6 1/2-1/2

[Event "11e tournoi d'automne - tournoi B"]
[Site "Montigny le Bretonneux"]
[Date "2012.11.03"]
[Round "8.5"]
[White "Bouvier, Clement"]
[Black "Fayolle, Guy"]
[Result "1/2-1/2"]
[WhiteElo "1905"]
[BlackElo "1801"]
[PlyCount "41"]
[EventDate "2012.10.??"]
[EventType "tourn"]
[EventRounds "9"]
[EventCountry "FRA"]
[SourceDate "2005.09.12"]

{Partie viennoise} 1. e4 e5 2. Nc3 Nf6 3. f4 d5 4. fxe5 Nxe4 5. d3 Nxc3 6. bxc3
Be7 7. Nf3 Bg4 8. Be2 Nd7 9. d4 c6 10. O-O O-O 11. c4 Bxf3 12. Rxf3 dxc4 13.
Qe1 Nb6 14. Be3 Bg5 15. Bxg5 Qxg5 16. Qf1 Rae8 17. Bxc4 Nxc4 18. Qxc4 Qd8 19.
Raf1 Qd7 20. a4 Re6 21. Kh1 1/2-1/2

[Event "11e tournoi d'automne - tournoi C"]
[Site "Montigny le Bretonneux"]
[Date "2012.11.03"]
[Round "8.3"]
[White "Engel, Gerard"]
[Black "Bouloc, Roger"]
[Result "1-0"]
[WhiteElo "1684"]
[BlackElo "1450"]
[PlyCount "61"]
[EventDate "2012.10.??"]
[EventType "tourn"]
[EventRounds "9"]
[EventCountry "FRA"]
[SourceDate "2005.09.12"]

{Ouverture anglaise, variante Nimzovitch} 1. c4 e5 2. g3 Bc5 3. Bg2 Qf6 4. e3
Nc6 5. Nc3 Nb4 6. d3 Ne7 7. a3 Nbc6 8. Ne4 Qg6 9. Nxc5 O-O 10. Nf3 d6 11. Ne4
Bg4 12. h3 Bxf3 13. Bxf3 f5 14. Nc3 a6 15. O-O Rab8 16. Nd5 Nxd5 17. Bxd5+ Kh8
18. Bg2 Ne7 19. d4 Rfd8 20. Bd2 b6 21. Qc2 c5 22. dxe5 dxe5 23. Bc3 e4 24. Rad1
Qe6 25. Rxd8+ Rxd8 26. Rd1 Rf8 27. Kh2 Nc6 28. Rd5 Kg8 29. Qd1 Qe8 30. Rd7 Ne7
31. Qd6 1-0

[Event "11e tournoi d'automne - tournoi C"]
[Site "Montigny le Bretonneux"]
[Date "2012.11.03"]
[Round "8.4"]
[White "Franiatte, Sylvain"]
[Black "Rousseau, Matthieu"]
[Result "1/2-1/2"]
[WhiteElo "1447"]
[BlackElo "1620"]
[PlyCount "79"]
[EventDate "2012.10.??"]
[EventType "tourn"]
[EventRounds "9"]
[EventCountry "FRA"]
[SourceDate "2005.09.12"]

{Défense française, variante Rubinstein} 1. e4 e6 2. Nf3 d5 3. exd5 exd5 4. d4
Nf6 5. Nc3 Nc6 6. Bb5 Bd7 7. O-O Be7 8. Bg5 Bg4 9. Re1 O-O 10. Be2 h6 11. Bxf6
Bxf6 12. h3 Bh5 13. Nh2 Bxe2 14. Nxe2 Re8 15. Nf3 Qd7 16. c3 Re7 17. Ng3 Rae8
18. Rxe7 Bxe7 19. Qd2 Bd6 20. Ne2 Re6 21. Nf4 Bxf4 22. Qxf4 Re4 23. Qd2 Na5 24.
b3 Nc6 25. Re1 Qe7 26. Re3 Kf8 27. Qd3 Rxe3 28. Qxe3 Qe4 29. Qxe4 dxe4 30. Nd2
f5 31. Kf1 Ke7 32. Ke2 Ke6 33. f3 exf3+ 34. Nxf3 g5 35. g4 fxg4 36. hxg4 Kd5
37. Kd3 b5 38. Ne1 Ne7 39. Nc2 c6 40. Ne3+ 1/2-1/2

[Event "11e tournoi d'automne - tournoi C"]
[Site "Montigny le Bretonneux"]
[Date "2012.11.03"]
[Round "8.2"]
[White "Krestinine, Nikita"]
[Black "Urtado, Olivier"]
[Result "0-1"]
[WhiteElo "1403"]
[BlackElo "1626"]
[PlyCount "162"]
[EventDate "2012.10.??"]
[EventType "tourn"]
[EventRounds "9"]
[EventCountry "FRA"]
[SourceDate "2005.09.12"]

{Ouverture du pion dame} 1. d4 b6 2. c4 Bb7 3. Nc3 f5 4. Bf4 Nf6 5. e3 g6 6.
Nf3 Bg7 7. Be2 O-O 8. O-O Na6 9. a3 c5 10. dxc5 Nxc5 11. b4 Nce4 12. Nxe4 Nxe4
13. Be5 Nc3 14. Qc2 Nxe2+ 15. Qxe2 Bxf3 16. Qxf3 Bxe5 17. Rac1 Bg7 18. Rc2 Rc8
19. Rd1 Rc7 20. Rdc1 e6 21. Qe2 f4 22. c5 bxc5 23. Rxc5 Rxc5 24. Rxc5 fxe3 25.
Qxe3 Qb6 26. Qd2 d6 27. Rc2 Bd4 28. Qe2 Bxf2+ 29. Kh1 Qe3 30. Qxe3 Bxe3 31. g3
Rf1+ 32. Kg2 Rf8 33. Re2 Bc1 34. Rxe6 Bxa3 35. Rxd6 Bxb4 36. Rd7 Bc5 37. Rc7
Bb6 38. Rc6 Bd4 39. Rc4 Bb6 40. Rc6 Rf7 41. Rd6 g5 42. h3 Rf2+ 43. Kh1 Rf7 44.
Kg2 Kg7 45. Re6 Rf6 46. Re7+ Kg6 47. Re8 Kh5 48. Re5 h6 49. Re4 a5 50. Rc4 Rf2+
51. Kh1 Ra2 52. g4+ Kh4 53. Rc2 Ra1+ 54. Kg2 Rg1+ 55. Kh2 Rg3 56. Rc6 Rxh3+ 57.
Kg2 Rg3+ 58. Kh2 Bg1+ 59. Kh1 Kxg4 60. Rc4+ Kf5 61. Rf4+ Ke5 62. Rf5+ Ke4 63.
Rf4+ Kd3 64. Rg4 Bf2 65. Ra4 Be1 66. Ra3+ Bc3 67. Rb3 Re3 68. Rb1 Re1+ 69. Rxe1
Bxe1 70. Kh2 a4 71. Kh3 h5 72. Kg2 Ke2 73. Kg1 a3 74. Kg2 a2 75. Kh1 a1=Q 76.
Kg2 Qa8+ 77. Kg1 Bf2+ 78. Kh2 Qe4 79. Kh3 Qf3+ 80. Kh2 Bg3+ 81. Kg1 Qf1# 0-1

[Event "11e tournoi d'automne - tournoi C"]
[Site "Montigny le Bretonneux"]
[Date "2012.11.03"]
[Round "8.1"]
[White "Mongey, Alain"]
[Black "Krestinine, Michka"]
[Result "1/2-1/2"]
[WhiteElo "1652"]
[BlackElo "1505"]
[PlyCount "84"]
[EventDate "2012.10.??"]
[EventType "tourn"]
[EventRounds "9"]
[EventCountry "FRA"]
[SourceDate "2005.09.12"]

{Partie du pion dame, variante Tartacover} 1. d4 Nf6 2. Bg5 Ne4 3. Bh4 d5 4.
Nf3 Nc6 5. e3 Nf6 6. c4 e6 7. Nc3 Bb4 8. a3 Bxc3+ 9. bxc3 O-O 10. Bd3 b6 11.
O-O Na5 12. cxd5 exd5 13. Qc2 h6 14. h3 c5 15. Ne5 c4 16. Bf5 Bxf5 17. Qxf5 g5
18. Bg3 Ne4 19. Rac1 Rc8 20. Qg4 Nb3 21. Rc2 Qe7 22. Qh5 Kh7 23. h4 Rc7 24.
hxg5 Nxg5 25. Bf4 Rg8 26. f3 Qxa3 27. Ng4 Rc6 28. Bxg5 Rxg5 29. Qxf7+ Rg7 30.
Qxd5 Qd6 31. Qf5+ Kh8 32. Kf2 a5 33. Rh1 Rh7 34. Qe5+ Qxe5 35. Nxe5 Re6 36.
Nxc4 b5 37. Ne5 a4 38. Nd3 Ra7 39. Nb4 Na5 40. Rh5 Rb6 41. e4 Nc4 42. Rc5 a3
1/2-1/2

[Event "11e tournoi d'automne - tournoi A"]
[Site "Montigny le Bretonneux"]
[Date "2012.11.04"]
[Round "9.1"]
[White "Ben Khelifa, Noomene"]
[Black "Trommsdorf, Fro"]
[Result "0-1"]
[WhiteElo "2093"]
[BlackElo "2040"]
[PlyCount "80"]
[EventDate "2012.10.??"]
[EventType "tourn"]
[EventRounds "9"]
[EventCountry "FRA"]
[SourceDate "2005.09.12"]

{Gambit dame, déf'ense semi-slave} 1. d4 Nf6 2. c4 e6 3. Nc3 d5 4. e3 Be7 5.
Nf3 Nbd7 6. Bd3 c6 7. O-O O-O 8. e4 dxc4 9. Bxc4 b5 10. Bd3 b4 11. e5 bxc3 12.
exf6 Nxf6 13. bxc3 c5 14. Qe2 Bb7 15. Rd1 cxd4 16. cxd4 Rc8 17. Rb1 Ba8 18. Bg5
Qd6 19. h3 Rfd8 20. Qe3 Nd5 21. Qe4 f5 22. Qe1 Bxg5 23. Nxg5 Nf4 24. Bf1 h6 25.
Nf3 Nxh3+ 26. gxh3 Bxf3 27. Rdc1 Be4 28. Rxc8 Rxc8 29. Rc1 Rf8 30. Rc3 Qxd4 31.
Rg3 f4 32. Rg4 Bf5 33. Rg2 Bxh3 34. Rg6 Bf5 35. Rg2 Rb8 36. Qe2 Rb1 37. Kh2 f3
38. Qxf3 Rxf1 39. Qg3 Qa1 40. Qb8+ Kh7 0-1

[Event "11e tournoi d'automne - tournoi A"]
[Site "Montigny le Bretonneux"]
[Date "2012.11.04"]
[Round "9.2"]
[White "Van Dongen, Patrick"]
[Black "Gouanelle, Franck"]
[Result "1-0"]
[WhiteElo "2320"]
[BlackElo "2100"]
[PlyCount "81"]
[EventDate "2012.10.??"]
[EventType "tourn"]
[EventRounds "9"]
[EventCountry "FRA"]
[SourceDate "2005.09.12"]

{Gambit dame} 1. d4 d5 2. c4 e6 3. Nc3 c6 4. Nf3 dxc4 5. a4 Bb4 6. e3 b5 7. Bd2
a5 8. axb5 Bxc3 9. Bxc3 cxb5 10. b3 Bb7 11. bxc4 b4 12. Bb2 Nf6 13. Bd3 O-O 14.
O-O Nbd7 15. Qc2 Qc7 16. Rfe1 Bxf3 17. gxf3 e5 18. c5 exd4 19. Bxd4 Qc6 20. e4
a4 21. Qc4 Nh5 22. Qxb4 Nf4 23. Bf1 Qg6+ 24. Kh1 Qh5 25. Re3 Rfe8 26. Bc4 Rab8
27. Qc3 Ne5 28. Rg1 Nxc4 29. Qxc4 Re6 30. Rxg7+ Kf8 31. Rg1 Rg6 32. Qf1 Rxg1+
33. Qxg1 Qh3 34. Be5 Rb1 35. Bxf4 Rxg1+ 36. Kxg1 Qh4 37. Bd6+ Ke8 38. c6 Qg5+
39. Bg3 Qc5 40. c7 Kd7 41. Rd3+ 1-0

[Event "11e tournoi d'automne - tournoi A"]
[Site "Montigny le Bretonneux"]
[Date "2012.11.04"]
[Round "9.3"]
[White "Smati, Reda"]
[Black "Plantet, Marc"]
[Result "1-0"]
[WhiteElo "2011"]
[BlackElo "1869"]
[PlyCount "55"]
[EventDate "2012.10.??"]
[EventType "tourn"]
[EventRounds "9"]
[EventCountry "FRA"]
[SourceDate "2005.09.12"]

{Défense Caro-Kann, variante d'avance} 1. e4 c6 2. d4 d5 3. e5 c5 4. dxc5 e6 5.
Be3 Nc6 6. Bb5 Nge7 7. Nf3 Bd7 8. Bxc6 Nxc6 9. c3 Qc7 10. Bd4 g5 11. Nxg5 Nxe5
12. f4 Nc4 13. Qf3 Bxc5 14. Qf2 Bxd4 15. Qxd4 O-O-O 16. O-O Bb5 17. Rf2 b6 18.
a4 Ba6 19. b3 Nd6 20. Nd2 Nf5 21. Qf6 Nd6 22. a5 b5 23. Ngf3 Rhg8 24. Qd4 Nf5
25. Qe5 Qc5 26. b4 Qe7 27. Re1 Bb7 28. Qxf5 1-0

[Event "11e tournoi d'automne - tournoi A"]
[Site "Montigny le Bretonneux"]
[Date "2012.11.04"]
[Round "9.4"]
[White "Forissier, Nicolas"]
[Black "Girard, Eric"]
[Result "1/2-1/2"]
[WhiteElo "1938"]
[BlackElo "2122"]
[PlyCount "84"]
[EventDate "2012.10.??"]
[EventType "tourn"]
[EventRounds "9"]
[EventCountry "FRA"]
[SourceDate "2005.09.12"]

{Ouverture du pion dame} 1. d4 e6 2. c4 Bb4+ 3. Nc3 b6 4. Nf3 Bb7 5. e3 f5 6.
Be2 Nf6 7. O-O Bxc3 8. bxc3 O-O 9. Ba3 d6 10. c5 Ne4 11. cxd6 cxd6 12. Qb3 Rf6
13. Rfd1 Rh6 14. d5 e5 15. Bb5 Kh8 16. Rac1 Nd7 17. Bc6 Bxc6 18. dxc6 Ndc5 19.
Bxc5 Nxc5 20. Qd5 Qc7 21. Rc2 Rf6 22. Nd2 b5 23. c4 b4 24. Nb3 Na4 25. c5 dxc5
26. Nxc5 Nc3 27. Rxc3 bxc3 28. Ne6 Rxe6 29. Qxe6 c2 30. Rf1 Rc8 31. h3 Qxc6 32.
Qxc6 Rxc6 33. Rc1 Kg8 34. Kf1 Kf7 35. Ke2 Ke6 36. Kd2 Kd5 37. Kd3 e4+ 38. Kd2
Rc4 39. Rxc2 Rxc2+ 40. Kxc2 Kc4 41. Kd2 Kb4 42. Kc2 Kc4 1/2-1/2

[Event "11e tournoi d'automne - tournoi A"]
[Site "Montigny le Bretonneux"]
[Date "2012.11.04"]
[Round "9.5"]
[White "Veron, Cyprien"]
[Black "Fruchard, Cyrille"]
[Result "1/2-1/2"]
[WhiteElo "2052"]
[BlackElo "1902"]
[PlyCount "37"]
[EventDate "2012.10.??"]
[EventType "tourn"]
[EventRounds "9"]
[EventCountry "FRA"]
[SourceDate "2005.09.12"]

{Partie du pion dame} 1. Nf3 d5 2. d4 Nf6 3. g3 e6 4. Bg2 c5 5. O-O Nc6 6. b3
cxd4 7. Nxd4 Bd6 8. Bb2 O-O 9. Nd2 Qe7 10. e4 Nxd4 11. Bxd4 e5 12. Bb2 dxe4 13.
Nc4 Bc5 14. Bxe5 Rd8 15. Qe2 Bg4 16. Bxf6 Bxe2 17. Bxe7 Bxe7 18. Rfe1 Bxc4 19.
bxc4 1/2-1/2

[Event "11e tournoi d'automne - tournoi B"]
[Site "Montigny le Bretonneux"]
[Date "2012.11.04"]
[Round "9.1"]
[White "Fayolle, Guy"]
[Black "Conq, Alain"]
[Result "1-0"]
[WhiteElo "1801"]
[BlackElo "1853"]
[PlyCount "129"]
[EventDate "2012.10.??"]
[EventType "tourn"]
[EventRounds "9"]
[EventCountry "FRA"]
[SourceDate "2005.09.12"]

{Défense sicilienne, variante Löwenthal} 1. e4 c5 2. Nf3 Nc6 3. d4 cxd4 4. Nxd4
e5 5. Nb5 a6 6. Nd6+ Bxd6 7. Qxd6 Qf6 8. Qd1 Qg6 9. f3 Nge7 10. Be3 O-O 11. Nc3
d6 12. Qd2 f5 13. Bc4+ Kh8 14. O-O-O fxe4 15. fxe4 Bg4 16. Rdf1 b5 17. Bd3 Qe6
18. Kb1 Nb4 19. Be2 Bxe2 20. Qxe2 Rfc8 21. Bd2 Nxc2 22. Kxc2 b4 23. Kb1 bxc3
24. Bxc3 a5 25. Rf3 Nc6 26. Qd2 Nb4 27. Bxb4 axb4 28. b3 Qg6 29. Re1 d5 30. Rg3
Qh5 31. exd5 Qxh2 32. Qg5 Qh6 33. Qxh6 gxh6 34. Rxe5 Rf8 35. Rf3 Rxf3 36. gxf3
Kg7 37. Re4 Rb8 38. Kc2 Kf6 39. Kd3 h5 40. Kd4 Ra8 41. Re2 Kf5 42. Re5+ Kf4 43.
Rxh5 Rxa2 44. Rxh7 Rd2+ 45. Kc4 Kxf3 46. Re7 Kf4 47. Kc5 Kf5 48. d6 Kf6 49. Re3
Kf7 50. Kc6 Rc2+ 51. Kb5 Rd2 52. Kxb4 Rxd6 53. Kc5 Rd8 54. b4 Rc8+ 55. Kd6 Rb8
56. Re4 Kf6 57. Kc7 Rb5 58. Kc6 Rb8 59. b5 Kf5 60. Re1 Rh8 61. b6 Rh6+ 62. Kc7
Rh7+ 63. Kb8 Rh8+ 64. Ka7 Rh2 65. Ra1 1-0

[Event "11e tournoi d'automne - tournoi B"]
[Site "Montigny le Bretonneux"]
[Date "2012.11.04"]
[Round "9.2"]
[White "Gazay, Didier"]
[Black "Bouvier, Clement"]
[Result "0-1"]
[WhiteElo "1837"]
[BlackElo "1905"]
[PlyCount "98"]
[EventDate "2012.10.??"]
[EventType "tourn"]
[EventRounds "9"]
[EventCountry "FRA"]
[SourceDate "2005.09.12"]

{Ouverture anglaise, variante symétrique, système Rubinstein} 1. c4 Nf6 2. g3
c5 3. Bg2 d5 4. cxd5 Nxd5 5. Nc3 Nc7 6. Nf3 Nc6 7. O-O e5 8. d3 Be7 9. Be3 Bd7
10. Qd2 f6 11. h4 Be6 12. b3 Qd7 13. Kh2 Rd8 14. Qb2 O-O 15. Rac1 b6 16. Rfe1
Rc8 17. Rf1 Rfd8 18. Rfe1 h6 19. Rh1 Nd4 20. Bxd4 cxd4 21. Ne4 Nb5 22. b4 Rxc1
23. Rxc1 Rc8 24. Ra1 Nc3 25. Ng1 Qa4 26. a3 Nb5 27. Bh3 f5 28. Rc1 Qxa3 29.
Rxc8+ Bxc8 30. Qc2 Nc3 31. Nd2 Qxb4 32. e4 a5 33. exf5 Qc5 34. Nb3 Qc7 35. Nf3
Bb7 36. Bg2 a4 37. Nbd2 a3 38. Ne4 a2 39. Nxc3 a1=Q 40. Qb3+ Kh8 41. Qf7 Qa8
42. Nb5 Qc5 43. Na3 Qd5 44. Qg6 Qd6 45. Nxe5 Qxg6 46. Bxb7 Qxg3+ 47. fxg3 Qxb7
48. Nac4 b5 49. Ng6+ Kg8 0-1

[Event "11e tournoi d'automne - tournoi B"]
[Site "Montigny le Bretonneux"]
[Date "2012.11.04"]
[Round "9.3"]
[White "Rousseau, Philippe"]
[Black "Jean, Robert"]
[Result "1/2-1/2"]
[WhiteElo "1843"]
[BlackElo "1725"]
[PlyCount "61"]
[EventDate "2012.10.??"]
[EventType "tourn"]
[EventRounds "9"]
[EventCountry "FRA"]
[SourceDate "2005.09.12"]

{Ouverture du pion dame} 1. d4 Nf6 2. Bg5 e6 3. e4 Be7 4. e5 Nd5 5. Bxe7 Qxe7
6. a3 O-O 7. Nf3 d6 8. c4 Nb6 9. Nc3 dxe5 10. dxe5 Nc6 11. Bd3 Nd7 12. Qe2 Rd8
13. Rd1 Nf8 14. O-O Ng6 15. g3 b6 16. b4 Bb7 17. Bxg6 hxg6 18. Rxd8+ Rxd8 19.
Rd1 a6 20. Rxd8+ Qxd8 21. Qe3 Ne7 22. Nd4 Nf5 23. Nxf5 exf5 24. f4 Qd7 25. b5
axb5 26. cxb5 Qe7 27. Ne2 Qd7 28. Nc3 Qe7 29. Ne2 Qd7 30. Qd4 Qxb5 31. Qd8+
1/2-1/2

[Event "11e tournoi d'automne - tournoi B"]
[Site "Montigny le Bretonneux"]
[Date "2012.11.04"]
[Round "9.5"]
[White "Duval, Dominique"]
[Black "Couradin, Bruno"]
[Result "1-0"]
[WhiteElo "1770"]
[BlackElo "1752"]
[PlyCount "71"]
[EventDate "2012.10.??"]
[EventType "tourn"]
[EventRounds "9"]
[EventCountry "FRA"]
[SourceDate "2005.09.12"]

{Partie du pion dame} 1. d4 e6 2. Nf3 Nf6 3. e3 d5 4. Bd3 Be7 5. O-O Nc6 6. a3
O-O 7. Nbd2 Bd6 8. b3 e5 9. dxe5 Nxe5 10. Nxe5 Bxe5 11. Rb1 c5 12. Nf3 Bc7 13.
Bb2 Bg4 14. Be2 Bxf3 15. Bxf3 Qd6 16. g3 Rad8 17. Bxf6 gxf6 18. Bg2 b6 19. Qg4+
Kh8 20. Rbd1 Qe6 21. Qa4 Qe5 22. Qxa7 d4 23. exd4 Rxd4 24. Rxd4 cxd4 25. Qa4
Rd8 26. Qc4 Kg7 27. Rd1 b5 28. Qd3 Bb6 29. Bf1 Rd5 30. Qf3 Rc5 31. Bd3 Qg5 32.
h4 Qh5 33. Qxh5 Rxh5 34. Re1 Re5 35. Rxe5 fxe5 36. Bxb5 1-0